00461nam a2200169 a 4500008004100000020001500041050001500056100004300071245002600114260003300140300002200173350000900195500002000204650002600224700002200250700001900272120416s1981 ||||||||||||||||| || u a0070702977 aTA 405 Wil aRolfe, S. T. (Stanley Theodore), 1934-10aStrength of materials aNew York:bMcGraw-Hillc1981 axviii, 508p.: ill a0.00 aIncludes index. 0aSTRENGTH OF MATERIALS aWillems, Nicholas aEasley, John T